000 00343nam a2200145Ia 4500
008 150201s1987 xx 000 0 und d
082 _a576
_bM1987S
100 _aROGER, STANIER
245 _aGENERAL MICROBIOLOGY
250 _a5TH
260 _bMACMILLAN
_aHSIDC KUNDLI
_c1987
300 _a1-689
650 _aMICROBIOLOGY
942 _2ddc
_cBK
999 _c2635
_d2635